| 000 | 00438nam a22001577a 4500 | ||
|---|---|---|---|
| 005 | 20240611143750.0 | ||
| 008 | 231207b |||||||| |||| 00| 0 eng d | ||
| 082 |
_a297.38 _bSAT-H |
||
| 100 | _aAbdus-Sattar Engineer | ||
| 245 |
_aHum Namaz Kyun Padhtay hain/ _cAbdus-Sattar Engineer |
||
| 260 |
_aLahore; _bAzra Naheed Superior University; _c2018. |
||
| 300 |
_a159 p.: _c22 cm. |
||
| 650 | _aReligion/Islam | ||
| 999 |
_c34809 _d34809 |
||